Pays avec la plus forte communauté juive - Statistiques

Statistiques générales
  • Ce quiz a été pris 113 fois
  • Le résultat moyen est 9 sur 10
Statistiques - réponses
Continent Réponse % Correct
Amérique États-Unis
99%
Asie Israel
99%
Europe France
98%
Amérique Canada
91%
Océanie Australie
89%
Europe Allemagne
88%
Europe/Asie Russie
86%
Amérique Argentine
83%
Europe Royaume-Uni
83%
Amérique Brésil
82%
Aucun quiz correspondant
Distribution des résultats
% des personnes avec chaque résultat
Percentile par nombre de réponses
Votre historique - résultats
Vous n’avez pas pris ce quiz